Digital signal processing (Record no. 1638)

MARC details
000 -LEADER
fixed length control field 00842 a2200217 4500
010 ## - LIBRARY OF CONGRESS CONTROL NUMBER
LC control number ENG-85199
020 ## - INTERNATIONAL STANDARD BOOK NUMBER
International Standard Book Number 8176710571
Terms of availability 450.00
035 ## - SYSTEM CONTROL NUMBER
System control number EN-68732
037 ## - SOURCE OF ACQUISITION
Source of stock number/acquisition D.B.Act / Pub
082 00 - DEWEY DECIMAL CLASSIFICATION NUMBER
Classification number 621.3822
090 ## - LOCALLY ASSIGNED LC-TYPE CALL NUMBER (OCLC); LOCAL CALL NUMBER (OCLC)
-- 1668
-- 1668
100 1# - MAIN ENTRY--PERSONAL NAME
Personal name Blackledge, Johathan M.
245 10 - TITLE STATEMENT
Title Digital signal processing
Remainder of title mathematical and computational methods, software development and applications
Statement of responsibility, etc by Johathan M. Blackledge
250 ## - EDITION STATEMENT
Edition statement 2nd ed
260 ## - PUBLICATION, DISTRIBUTION, ETC. (IMPRINT)
Place of publication, distribution, etc New Delhi
Name of publisher, distributor, etc Affiliated East-West Press
Date of publication, distribution, etc 2006
270 ## - ADDRESS
Address 105, Nirmal Tower, 26, Barakhamba Road
City New Delhi
State or province Delhi
Postal code 110001
Electronic mail address affiliat@vsnl.com
300 ## - PHYSICAL DESCRIPTION
Extent xxvi, 813 p. :
Other physical details ill. ;
Dimensions 23 cm. (Pbk)
650 #0 - SUBJECT ADDED ENTRY--TOPICAL TERM
Topical term or geographic name as entry element Signal processing
General subdivision Digital techniques.
942 ## - ADDED ENTRY ELEMENTS (KOHA)
Institution code [OBSOLETE] dpl
Koha item type English Books
Call number prefix 621.3822 / BLA
Holdings
Withdrawn status Lost status Source of classification or shelving scheme Damaged status Not for loan Collection code Home library Current library Source of acquisition Cost, normal purchase price Total Checkouts Full call number Barcode Date last seen Copy number Uniform Resource Identifier Cost, replacement price Price effective from Koha item type
    Dewey Decimal Classification   Not For Loan Non-fiction D.B.Act.Division D.B.Act.Division DBAD/PUB 450.00   621.3822 EN-68732 15/09/2008 1 1722 450.00 15/09/2008 English Books

© Delhi Public Library
Hit Counter
free hit counter